[Event "e2e4 Dublin Easter Masters"]
[Site "Dublin IRL"]
[Date "2012.04.09"]
[Round "8"]
[White "Keogh, Eamon"]
[Black "Korhonen, Pasi"]
[Result "1-0"]
[WhiteElo "2002"]
[BlackElo "2063"]
[WhiteFideId "2500264"]
[BlackFideId "502146"]
[EventDate "2012.04.05"]

1. f4 c5 2. c4 Nc6 3. Nc3 g6 4. g3 Bg7 5. Bg2 d6 6. e3 Nf6 7. Nf3 O-O 8. O-O Be6
9. d3 d5 10. cxd5 Nxd5 11. Nxd5 Bxd5 12. e4 Be6 13. f5 Bd7 14. fxg6 hxg6 15. Be3
b6 16. d4 cxd4 17. Nxd4 Nxd4 18. Bxd4 Bg4 19. Qxg4 Qxd4+ 20. Kh1 Qxb2 21. e5
Rad8 22. e6 Qxa1 23. exf7+ Rxf7 24. Rxa1 Bxa1 25. Qxg6+ Kf8 26. Qc2 e5 27. h4
Bd4 28. h5 Bf2 29. Qg6 Rd1+ 30. Kh2 Be3 31. Be4 Rdd7 32. h6 a5 33. Qe6 Rde7 34.
Qd6 Bc5 35. Qd8+ Re8 36. Qg5 Ree7 37. Bd5 Rf2+ 38. Kh3 Ke8 39. Qh5+ Kf8 40. h7
Rg7 41. h8=Q+ 1-0

[Event "e2e4 Dublin Easter Masters"]
[Site "Dublin IRL"]
[Date "2012.04.09"]
[Round "8"]
[White "O'Donnell, Conor"]
[Black "Salter, David"]
[Result "0-1"]
[WhiteElo "1804"]
[BlackElo "1897"]
[WhiteFideId "2504243"]
[BlackFideId "2501988"]
[EventDate "2012.04.05"]

1. e4 e6 2. Nf3 d5 3. Nc3 Nf6 4. e5 Nfd7 5. d4 c5 6. dxc5 Nc6 7. Bf4 Bxc5 8. Bd3
f6 9. exf6 Nxf6 10. O-O O-O 11. Ne5 Qe8 12. Qe2 Qh5 13. Rae1 Qxe2 14. Rxe2 Nh5
15. Bd2 Nf4 16. Bxf4 Rxf4 17. g3 Rf6 18. Na4 Bd6 19. Ng4 Rf7 20. f4 Bd7 21. Nc3
a6 22. a3 Raf8 23. Ree1 h5 24. Ne5 Nxe5 25. fxe5 Rxf1+ 26. Bxf1 Bc5+ 27. Kh1 Rf2
28. Bd3 Be8 29. h4 g6 30. Ne2 Bb5 31. Bxb5 axb5 32. c3 Kf7 33. Nf4 Bb6 34. Ne2
Be3 35. Ng1 Bh6 36. Re2 Rxe2 37. Nxe2 Bg7 38. Kg2 Bxe5 39. Kf3 Kf6 40. Nc1 Kf5
41. Nb3 b6 42. Na1 Bd6 43. Nc2 e5 44. Ne3+ Ke6 45. Nc2 Bf8 46. Na1 Bh6 47. Nb3
Kf5 48. Kf2 Ke4 49. Ke2 Be3 50. Ke1 Kf3 51. Na1 Bf2+ 52. Kf1 Bxg3 53. Nc2 Bxh4
54. Nb4 Ke4 0-1

[Event "e2e4 Dublin Easter Masters"]
[Site "Dublin IRL"]
[Date "2012.04.09"]
[Round "8"]
[White "Cafolla, Peter"]
[Black "Healy, John"]
[Result "1/2-1/2"]
[WhiteElo "2034"]
[BlackElo "1840"]
[WhiteFideId "2500884"]
[BlackFideId "2500965"]
[EventDate "2012.04.05"]

1. d4 Nf6 2. c4 c5 3. d5 e6 4. Nc3 exd5 5. cxd5 d6 6. g3 g6 7. Bg2 Bg7 8. Nf3
O-O 9. e4 b5 10. Nd2 b4 11. Ne2 Ba6 12. a3 Re8 13. Bf3 Bxe2 14. Bxe2 Nxe4 15.
O-O Nd7 16. axb4 cxb4 17. Nc4 Ne5 18. Na5 Nf6 1/2-1/2

[Event "e2e4 Dublin Easter Masters"]
[Site "Dublin IRL"]
[Date "2012.04.09"]
[Round "8"]
[White "Loughran, John"]
[Black "Magee, Ronan"]
[Result "1/2-1/2"]
[WhiteElo "1899"]
[BlackElo "1948"]
[WhiteFideId "2501562"]
[BlackFideId "2503000"]
[EventDate "2012.04.05"]

1. e4 c5 2. Nf3 d6 3. d4 cxd4 4. Nxd4 Nf6 5. Nc3 a6 6. Bc4 e6 7. Bb3 b5 8. O-O
Be7 9. f4 Nbd7 10. Re1 Qc7 11. f5 e5 12. Nf3 Bb7 13. Kh1 Ng4 14. Be3 Nxe3 15.
Rxe3 Qc5 16. Re2 Nf6 17. Qd2 O-O 18. Rd1 Rac8 19. Qe1 Bd8 20. g4 Ba5 21. Qh4
Bxc3 22. g5 Nxe4 23. Rxe4 Bxe4 24. Qxe4 Qb4 25. Qb7 Qg4 26. Bxf7+ Kh8 27. Bd5
Bxb2 28. f6 gxf6 29. Rg1 Qf4 30. g6 hxg6 31. Rxg6 Rg8 32. Be4 Rxg6 33. Qxc8+ Kg7
34. Qd7+ Kh6 35. Qh3+ 1/2-1/2

[Event "e2e4 Dublin Easter Masters"]
[Site "Dublin IRL"]
[Date "2012.04.09"]
[Round "8"]
[White "Kalaiyalahan, Akshaya"]
[Black "Puroila, Sippo"]
[Result "0-1"]
[WhiteElo "1640"]
[BlackElo "1886"]
[WhiteFideId "422894"]
[BlackFideId "504572"]
[EventDate "2012.04.05"]

1. c4 f5 2. Nc3 Nf6 3. Nf3 g6 4. d4 Bg7 5. e3 O-O 6. Be2 c6 7. O-O d6 8. a3 Qc7
9. b4 e5 10. Bb2 e4 11. Nd2 Be6 12. Rc1 Bf7 13. h3 Qe7 14. Nb3 g5 15. Qd2 Rd8
16. Rfd1 Nbd7 17. Na1 Nf8 18. d5 Ng6 19. Nb3 Ne5 20. Nd4 Qd7 21. dxc6 bxc6 22.
Nb1 h5 23. b5 c5 24. Nb3 Qc7 25. Qa5 Qb6 26. Rc2 Ne8 27. Qa4 a6 28. N3d2 Rdb8
29. Rcc1 axb5 30. Qc2 b4 31. axb4 Qxb4 32. Bc3 Qa4 33. Qxa4 Rxa4 34. Kh2 Kh7 35.
Rc2 Kg6 36. Rdc1 Bf6 37. Bb2 Nd3 38. Bxf6 Nxc1 39. Rxc1 Kxf6 40. Nc3 Rab4 41.
Ncb1 Rb2 42. Kg1 Ra2 43. Kf1 Rbb2 44. Ke1 Bg6 45. g3 Ng7 46. Bd1 Ne6 47. g4 fxg4
48. hxg4 h4 49. Bb3 Ra1 50. Rd1 h3 51. Ke2 Raxb1 52. Rxb1 Rxb1 53. Nxb1 h2 0-1

[Event "e2e4 Dublin Easter Masters"]
[Site "Dublin IRL"]
[Date "2012.04.09"]
[Round "9"]
[White "Hebden, Mark L"]
[Black "Kvisvik, Brede"]
[Result "1-0"]
[WhiteTitle "GM"]
[BlackTitle "FM"]
[WhiteElo "2514"]
[BlackElo "2304"]
[WhiteFideId "400084"]
[BlackFideId "1502999"]
[EventDate "2012.04.05"]

1. d4 e6 2. Nf3 c5 3. c3 b6 4. e4 Be7 5. d5 d6 6. Bb5+ Bd7 7. Bxd7+ Qxd7 8. O-O
e5 9. a4 Nf6 10. Re1 O-O 11. Na3 Na6 12. Nd2 Ne8 13. Ndc4 f5 14. exf5 Qxf5 15.
f4 e4 16. a5 Nac7 17. axb6 Nxd5 18. Nb5 Nxb6 19. Nxb6 Rb8 20. Nd5 Bh4 21. Na3
Nc7 22. Nxc7 Bxe1 23. Qxe1 d5 24. Na6 Rbc8 25. Be3 d4 26. cxd4 cxd4 27. Bxd4
Qxf4 28. Nc5 Rce8 29. Be3 Qg4 30. Nc4 Re7 31. Nd6 Rb8 32. Qd2 h6 33. Ndxe4 Rbe8
34. Rf1 1-0

[Event "e2e4 Dublin Easter Masters"]
[Site "Dublin IRL"]
[Date "2012.04.09"]
[Round "9"]
[White "Valeanu, Eduard-Andrei"]
[Black "Romero Holmes, Alfonso"]
[Result "1/2-1/2"]
[BlackTitle "GM"]
[WhiteElo "2461"]
[BlackElo "2501"]
[WhiteFideId "1212168"]
[BlackFideId "2200066"]
[EventDate "2012.04.05"]

1. e4 e6 2. d4 d5 3. Nc3 Bb4 4. e5 Ne7 5. a3 Bxc3+ 6. bxc3 b6 7. Qg4 Ng6 8. h4
h5 9. Qd1 Ba6 10. Bg5 Qc8 11. Bd3 Bxd3 12. cxd3 c5 13. Ne2 c4 14. O-O Ne7 15.
Ng3 g6 16. Rb1 Nd7 17. Qe2 cxd3 18. Qxd3 Qc6 19. Rfc1 Rc8 20. Qa6 Qc4 21. Qxa7
Nc6 22. Qb7 Na5 23. Qa7 Nc6 24. Qb7 Na5 25. Qa7 1/2-1/2

[Event "e2e4 Dublin Easter Masters"]
[Site "Dublin IRL"]
[Date "2012.04.09"]
[Round "9"]
[White "Williams, Simon K"]
[Black "Nemeth, Miklos1"]
[Result "1-0"]
[WhiteTitle "GM"]
[BlackTitle "IM"]
[WhiteElo "2506"]
[BlackElo "2452"]
[WhiteFideId "404454"]
[BlackFideId "720232"]
[EventDate "2012.04.05"]

1. d4 Nf6 2. c4 e6 3. Nf3 b6 4. g3 Ba6 5. Qc2 c5 6. d5 exd5 7. cxd5 Bb7 8. Bg2
Nxd5 9. O-O Be7 10. Qe4 Qc7 11. Nh4 Bc6 12. Bg5 Kd8 13. Nc3 Nf6 14. Qf5 Qd6 15.
Rfd1 Qe6 16. Qd3 h6 17. Be3 Bxg2 18. Nxg2 g5 19. b4 c4 20. Qc2 Nc6 21. b5 Na5
22. Rd2 Qh3 23. f3 Rc8 24. Rad1 Re8 25. g4 Bc5 26. Qf5 Re6 27. Ne4 c3 28. Qxf6+
Rxf6 29. Rxd7+ Ke8 30. Nxf6+ Kf8 31. Bxc5+ Rxc5 32. Rd8+ Kg7 33. R1d6 h5 34.
Rg8+ Kh6 35. Nxh5+ 1-0

[Event "e2e4 Dublin Easter Masters"]
[Site "Dublin IRL"]
[Date "2012.04.09"]
[Round "9"]
[White "Astaneh Lopez, Alex"]
[Black "Collins, Sam E."]
[Result "1-0"]
[WhiteTitle "IM"]
[BlackTitle "IM"]
[WhiteElo "2400"]
[BlackElo "2439"]
[WhiteFideId "2501430"]
[BlackFideId "2501198"]
[EventDate "2012.04.05"]

1. e4 e5 2. Nf3 Nc6 3. Bb5 Bc5 4. O-O Nd4 5. Nxd4 Bxd4 6. c3 Bb6 7. d3 c6 8. Ba4
d6 9. Nd2 Nf6 10. Nc4 Bc7 11. Ne3 O-O 12. Qf3 g6 13. Bb3 Kg7 14. h3 Qe7 15. Kh1
Be6 16. Bc2 Rad8 17. g4 Rh8 18. Rg1 Kf8 19. Nf5 gxf5 20. gxf5 Bc8 21. Bg5 h6 22.
Bh4 Ke8 23. Qg2 Kd7 24. Qg7 Rdg8 25. Qxf6 Bd8 26. Qxe7+ Bxe7 27. Bg3 Bd8 28. Bb3
Rg7 29. d4 Bf6 30. Rad1 Ke7 31. dxe5 dxe5 32. f4 exf4 33. Bxf4 Rxg1+ 34. Kxg1
Bg5 35. Bd6+ Kf6 36. Kf2 Rg8 37. Kf3 b6 38. Bg3 Kg7 39. Bb8 a6 40. Be5+ Kf8 41.
Rd6 1-0

[Event "e2e4 Dublin Easter Masters"]
[Site "Dublin IRL"]
[Date "2012.04.09"]
[Round "9"]
[White "Csonka, Attila Istvan"]
[Black "Bae, Torstein"]
[Result "1/2-1/2"]
[WhiteTitle "IM"]
[BlackTitle "IM"]
[WhiteElo "2384"]
[BlackElo "2413"]
[WhiteFideId "716529"]
[BlackFideId "1501887"]
[EventDate "2012.04.05"]

1. e4 e5 2. Nf3 Nc6 3. c3 d5 4. Bb5 dxe4 5. Nxe5 Qd5 6. Qa4 Ne7 7. f4 exf3 8.
Nxf3 Bd7 9. d4 a6 10. Be2 O-O-O 11. Qb3 f6 12. O-O Bf5 13. Nbd2 Qd7 14. Nc4 Nd5 1/2-1/2

[Event "e2e4 Dublin Easter Masters"]
[Site "Dublin IRL"]
[Date "2012.09.04"]
[Round "9"]
[White "Daly, Colm"]
[Black "Sowray, Peter J"]
[Result "1/2-1/2"]
[WhiteTitle "FM"]
[BlackTitle "FM"]
[WhiteElo "2285"]
[BlackElo "2375"]
[WhiteFideId "2500434"]
[BlackFideId "400971"]
[EventDate "2012.04.05"]

1. c4 e6 2. Nf3 Nf6 3. b3 d5 4. Bb2 Be7 5. g3 O-O 6. Bg2 c5 7. cxd5 Nxd5 8. Nc3
Nxc3 9. Bxc3 Nc6 10. Rc1 Rb8 11. O-O b6 12. d4 Ba6 13. Re1 Nxd4 14. Bxd4 cxd4
15. Nxd4 Bb7 16. Bxb7 Rxb7 17. Nc6 Qxd1 18. Rexd1 Rc7 19. b4 Ra8 20. b5 Bc5 21.
e3 a6 22. a4 g6 23. Nb4 axb5 24. axb5 Ra5 25. Rd8+ Kg7 26. Na6 Be7 27. Rxc7 Bxd8
28. Rd7 Bf6 29. Kg2 Kf8 30. Rb7 Rxb5 31. Rb8+ Ke7 32. Rb7+ Kf8 33. Rb8+ Ke7 1/2-1/2

[Event "e2e4 Dublin Easter Masters"]
[Site "Dublin IRL"]
[Date "2012.09.04"]
[Round "9"]
[White "Longson, Alexander"]
[Black "Ernst, Sipke"]
[Result "0-1"]
[BlackTitle "GM"]
[WhiteElo "2267"]
[BlackElo "2578"]
[WhiteFideId "408093"]
[BlackFideId "1004689"]
[EventDate "2012.04.05"]

1. e4 e5 2. Nf3 Nc6 3. Bb5 a6 4. Ba4 Nf6 5. O-O Be7 6. Re1 b5 7. Bb3 d6 8. c3
O-O 9. h3 Na5 10. Bc2 c5 11. d4 Qc7 12. Nbd2 Be6 13. d5 Bd7 14. b3 c4 15. b4 Nb7
16. Nf1 a5 17. N3h2 Ra6 18. a3 Rfa8 19. Rb1 Ne8 20. Ng3 Nd8 21. Nf5 Bf8 22. g4
axb4 23. axb4 f6 24. Be3 Nf7 25. Ng3 g6 26. Qd2 Ng7 27. f4 exf4 28. Bxf4 Ne5 29.
Rf1 Ra2 30. Nf3 Be7 31. Nd4 R8a3 32. Be3 Qc8 33. Rf4 Bd8 34. Rbf1 Ne8 35. Kh1
Rb2 36. Rb1 Rba2 37. Rg1 Rb3 38. Nge2 Rbb2 39. Nc1 Ra1 40. Rff1 Qa8 41. Nce2
Rxf1 42. Rxf1 Ng7 43. Bh6 Qa2 44. Bxg7 Kxg7 45. Nf4 Kg8 46. Rc1 Bb6 47. Nfe6
Bxe6 48. Nxe6 g5 49. h4 Nxg4 50. hxg5 Ne3 51. Nd4 Bxd4 52. Qxd4 Rxc2 53. Rxc2
Qb1+ 0-1

[Event "e2e4 Dublin Easter Masters"]
[Site "Dublin IRL"]
[Date "2012.09.04"]
[Round "9"]
[White "Gormally, Daniel W"]
[Black "McMahon, Daire"]
[Result "1-0"]
[WhiteTitle "GM"]
[BlackTitle "FM"]
[WhiteElo "2520"]
[BlackElo "2212"]
[WhiteFideId "406465"]
[BlackFideId "2500477"]
[EventDate "2012.04.05"]

1. d4 Nf6 2. Bg5 Ne4 3. Bf4 d5 4. e3 e6 5. Bd3 Be7 6. Bxe4 dxe4 7. Nd2 f5 8.
Qh5+ g6 9. Qh6 Bf8 10. Qh3 Bd6 11. Ne2 Nc6 12. O-O-O Qf6 13. Nc4 Bxf4 14. Nxf4
Bd7 15. d5 Nb4 16. a3 Nxd5 17. Rxd5 exd5 18. Nxd5 Qf7 19. Nxc7+ Kd8 20. Nxa8
Qxc4 21. Qg3 Qc5 22. Qb8+ Bc8 23. b4 1-0

[Event "e2e4 Dublin Easter Masters"]
[Site "Dublin IRL"]
[Date "2012.09.04"]
[Round "9"]
[White "Eggleston, David J"]
[Black "Short, Philip M"]
[Result "1-0"]
[WhiteTitle "FM"]
[BlackTitle "FM"]
[WhiteElo "2327"]
[BlackElo "2282"]
[WhiteFideId "412120"]
[BlackFideId "2500086"]
[EventDate "2012.04.05"]

1. e4 e6 2. d4 d5 3. Nc3 Bb4 4. e5 c5 5. a3 Bxc3+ 6. bxc3 Qc7 7. Qg4 f5 8. Qg3
cxd4 9. cxd4 Ne7 10. Ne2 O-O 11. c3 b6 12. Nf4 Qd7 13. a4 Ba6 14. Bb5 Nec6 15.
h4 Bxb5 16. axb5 Na5 17. h5 Nb3 18. h6 Rf7 19. Nh5 g6 20. Rb1 Nxc1 21. Nf6+ Rxf6
22. exf6 Na2 23. Rb2 a5 24. O-O Kf7 25. Ra1 Qd8 26. Rbxa2 Nd7 27. Ra4 Nxf6 28.
c4 dxc4 29. Rxc4 Nd5 30. Rac1 f4 31. Qg4 Qf6 32. Rc6 Re8 33. Re1 Qf5 34. Qf3 Re7
35. Rcc1 Nb4 36. Re5 Qf6 37. Rc8 Rd7 38. Qa8 Qe7 39. Rh8 1-0

[Event "e2e4 Dublin Easter Masters"]
[Site "Dublin IRL"]
[Date "2012.09.04"]
[Round "9"]
[White "Fitzsimons, David"]
[Black "Brady, Stephen"]
[Result "1/2-1/2"]
[BlackTitle "FM"]
[WhiteElo "2257"]
[BlackElo "2383"]
[WhiteFideId "2501961"]
[BlackFideId "2500124"]
[EventDate "2012.04.05"]

1. e4 e5 2. Nf3 Nc6 3. Bc4 Nf6 4. d3 Bc5 5. c3 O-O 6. O-O d6 7. Bb3 a6 8. Re1
Ba7 9. h3 Ne7 10. Nbd2 Ng6 11. Nf1 Be6 12. Bc2 Nh5 13. d4 Nhf4 14. Ng3 Nh4 15.
Bxf4 exf4 16. Nh5 Nxf3+ 17. Qxf3 Qg5 18. Nxf4 Rae8 19. e5 Bb8 20. Qd3 g6 21.
Nxe6 Rxe6 22. Bb3 Re7 23. exd6 cxd6 24. Rxe7 Qxe7 25. Qe3 Re8 26. Qf3 Kg7 27. g3
b6 28. Kg2 Bc7 29. Bc4 a5 30. Bb5 Rd8 31. h4 Rf8 32. h5 h6 33. Bd3 Bd8 34. Rh1
Qe6 35. a3 Bg5 36. Qb7 Qc8 37. Qxc8 Rxc8 38. hxg6 fxg6 39. Re1 Kf7 40. Bb1 Bf6
41. Ba2+ Kg7 42. Re6 Rd8 43. f4 b5 44. b4 axb4 45. axb4 Rc8 46. Re3 Bxd4 1/2-1/2

[Event "e2e4 Dublin Easter Masters"]
[Site "Dublin IRL"]
[Date "2012.09.04"]
[Round "9"]
[White "Bomans, Arno"]
[Black "Gourlay, Iain"]
[Result "1/2-1/2"]
[BlackTitle "FM"]
[WhiteElo "2228"]
[BlackElo "2351"]
[WhiteFideId "206024"]
[BlackFideId "2401533"]
[EventDate "2012.04.05"]

1. d4 Nf6 2. Nc3 d5 3. Bg5 e6 4. e4 Bb4 5. Ne2 dxe4 6. a3 Be7 7. Bxf6 Bxf6 8.
Nxe4 O-O 9. g3 Qe7 10. Bg2 Rd8 11. Nxf6+ Qxf6 12. Qc1 e5 13. dxe5 Qxe5 14. Qf4
Qe7 15. Qe4 Nc6 1/2-1/2

[Event "e2e4 Dublin Easter Masters"]
[Site "Dublin IRL"]
[Date "2012.09.04"]
[Round "9"]
[White "Christiansen, Johan-Sebastian"]
[Black "Wall, Gavin"]
[Result "0-1"]
[BlackTitle "IM"]
[WhiteElo "1938"]
[BlackElo "2330"]
[WhiteFideId "1512668"]
[BlackFideId "2501244"]
[EventDate "2012.04.05"]

1. c4 d6 2. Nc3 f5 3. d4 Nf6 4. Bg5 Nbd7 5. e3 e5 6. Qc2 h6 7. Bxf6 Nxf6 8.
O-O-O Qe7 9. Nf3 e4 10. Ng1 Bd7 11. g4 Nxg4 12. Nd5 Qd8 13. Bh3 Nf6 14. Nf4 g5
15. Ng6 Rg8 16. Nxf8 Rxf8 17. Ne2 Qe7 18. Qb3 O-O-O 19. d5 Ng4 20. Qa3 Kb8 21.
Rhf1 Nxh2 22. Rh1 Ng4 23. Bxg4 fxg4 24. Rh2 h5 25. b4 h4 26. c5 Qe5 27. Nd4 dxc5
28. bxc5 Qxd5 29. Kb1 Bb5 30. c6 Bxc6 31. Qe7 Rde8 32. Qg7 Ba4 33. Rc1 Qe5 34.
Ne6 Qxe6 35. Qxc7+ Ka8 0-1

[Event "e2e4 Dublin Easter Masters"]
[Site "Dublin IRL"]
[Date "2012.09.04"]
[Round "9"]
[White "Harstad, Christian"]
[Black "Rudd, Jack"]
[Result "1/2-1/2"]
[BlackTitle "IM"]
[WhiteElo "2029"]
[BlackElo "2303"]
[WhiteFideId "1504045"]
[BlackFideId "405736"]
[EventDate "2012.04.05"]

1. d4 Nf6 2. c4 e6 3. Nc3 c5 4. d5 exd5 5. cxd5 d6 6. e4 g6 7. f4 Bg7 8. Bb5+
Nfd7 9. a4 Qh4+ 10. g3 Qe7 11. Nf3 O-O 12. O-O Na6 13. Re1 f6 14. Bd2 Nb4 15.
Bc4 Nb6 16. Bf1 Bg4 17. Rc1 Rae8 18. h3 Bd7 19. a5 Nc8 20. Nb5 Na6 21. Kh2 Qd8
22. Na3 Nc7 23. Bc4 b5 24. axb6 Nxb6 25. Qb3 Kh8 26. Qd3 Bc8 27. b4 Qd7 28. g4
Nxc4 29. Nxc4 Na6 30. Rb1 cxb4 31. Bxb4 Nxb4 32. Rxb4 a5 33. Rb6 Bh6 34. Kg3 f5
35. exf5 Rxe1 36. Nxe1 gxf5 37. g5 Bg7 38. Nxa5 Qa7 39. Qb5 Bd4 40. Rxd6 Bf2+
41. Kg2 Bxe1 42. Qb2+ Kg8 43. Nc6 Qe3 44. g6 Re8 45. gxh7+ Kxh7 46. Rh6+ Kxh6
47. Qf6+ Kh7 48. Qf7+ Kh8 49. Qf6+ Kh7 1/2-1/2

[Event "e2e4 Dublin Easter Masters"]
[Site "Dublin IRL"]
[Date "2012.09.04"]
[Round "9"]
[White "Hauge, Lars Oskar"]
[Black "Quinn, Mark"]
[Result "0-1"]
[BlackTitle "IM"]
[WhiteElo "2087"]
[BlackElo "2398"]
[WhiteFideId "1509276"]
[BlackFideId "2500450"]
[EventDate "2012.04.05"]

1. e4 c5 2. Nf3 d6 3. d4 cxd4 4. Nxd4 Nf6 5. Nc3 a6 6. Bg5 e6 7. f4 Bd7 8. Qf3
Nc6 9. O-O-O Qa5 10. Nb3 Qc7 11. e5 dxe5 12. Bxf6 gxf6 13. Ne4 Be7 14. fxe5 Qxe5
15. Bc4 Rd8 16. Rhe1 O-O 17. Kb1 Bc8 18. Nd6 Qg5 19. Nxc8 Rxc8 20. h4 Qg7 21.
Qh3 Rcd8 22. g4 Rxd1+ 23. Rxd1 Rd8 24. Rxd8+ Nxd8 25. a3 Nc6 26. Be2 h5 27. gxh5
f5 28. Bf3 Qg1+ 29. Ka2 f4 30. Bg2 Qe3 31. Qg4+ Kh7 32. h6 Qg3 33. Qe2 Kxh6 34.
Nd2 Qe3 35. Qd1 e5 36. Nc4 Qc5 37. Bd5 e4 38. Bxf7 f3 39. Qd7 Qd4 40. Qc8 Nd8
41. Qf5 Nxf7 42. Qxf7 Qf6 43. Qd5 f2 44. Ne3 f1=Q 45. Nxf1 Qxf1 46. Qxe4 Qf7+
47. Kb1 Bf6 48. Qf3 Qe7 49. h5 Kg5 50. Ka2 b5 51. Kb1 Qe5 52. c3 Qe6 53. Qd1
Qe4+ 54. Ka2 a5 55. Ka1 Kh6 56. Ka2 Qe5 57. Qg4 Qd5+ 58. Kb1 Qd3+ 59. Ka1 Qf1+
60. Ka2 Qc4+ 61. Qxc4 bxc4 62. b3 Kxh5 63. bxc4 a4 64. c5 Kg6 65. c6 Be5 66. Kb2
Kf5 67. c7 Bxc7 68. c4 Ba5 69. c5 Ke5 0-1

[Event "e2e4 Dublin Easter Masters"]
[Site "Dublin IRL"]
[Date "2012.09.04"]
[Round "9"]
[White "Armstrong, Malcolm J"]
[Black "Firstov, Juri"]
[Result "0-1"]
[WhiteElo "2026"]
[BlackElo "2264"]
[WhiteFideId "409049"]
[BlackFideId "4501233"]
[EventDate "2012.04.05"]

1. d4 b6 2. c4 Bb7 3. Nf3 e6 4. Bg5 f6 5. Bh4 Bb4+ 6. Nc3 Ne7 7. e3 Bxc3+ 8.
bxc3 d6 9. Qc2 Nd7 10. Bd3 Nf8 11. O-O h5 12. Be4 Bxe4 13. Qxe4 g5 14. Bxg5 fxg5
15. Nxg5 Rg8 16. Nxe6 Nxe6 17. Qxe6 Qd7 18. Qe4 c6 19. a4 Qf5 20. Qxf5 Nxf5 21.
f3 Kd7 22. e4 Ne3 23. Rf2 Nxc4 24. g3 a5 25. Rb1 Rab8 26. Kf1 b5 27. axb5 Rxb5
28. Rxb5 cxb5 29. Ke2 b4 30. Kd3 Rc8 31. cxb4 axb4 32. Ra2 Na3 33. Rb2 Rc3+ 34.
Ke2 b3 35. h4 Nc4 36. Rb1 b2 0-1

[Event "e2e4 Dublin Easter Masters"]
[Site "Dublin IRL"]
[Date "2012.09.04"]
[Round "9"]
[White "Goossens, Hanne"]
[Black "Redmond, John P."]
[Result "1/2-1/2"]
[WhiteElo "2032"]
[BlackElo "2246"]
[WhiteFideId "200468"]
[BlackFideId "2500051"]
[EventDate "2012.04.05"]

1. e4 e6 2. d4 d5 3. exd5 exd5 4. Bd3 Nc6 5. c3 Bd6 6. Qf3 Nce7 7. Bg5 Be6 8.
Ne2 Qd7 9. Bf4 Nf6 10. h3 Ne4 11. Bxd6 cxd6 12. Nd2 f5 13. Qe3 O-O 14. O-O-O
Rac8 15. f3 Qa4 16. fxe4 dxe4 17. Bc2 Qxa2 18. Nf4 Nd5 19. Nxd5 Bxd5 20. Rdf1 b5
21. g4 b4 22. Nb1 Rc7 23. Rxf5 Rfc8 24. Rhf1 bxc3 25. bxc3 Be6 26. R5f4 d5 27.
Qf2 h6 28. Rf8+ Kh7 29. Rxc8 Rxc8 30. g5 Rb8 31. g6+ Kg8 32. Qf4 Qb2+ 33. Kd1
Qb6 34. h4 Rc8 35. Kd2 a5 36. Qe5 Qc6 37. Ba4 Qa6 38. Bb5 Qb6 39. Rf7 Bxf7 40.
gxf7+ Kxf7 41. Qf5+ Ke7 42. Qxc8 Qxb5 43. Qc7+ Kf6 44. Qd6+ Kf7 45. Qf4+ Kg8 46.
Kc1 a4 47. Qd6 Qf1+ 48. Kb2 Qb5+ 49. Kc1 Qf1+ 50. Kb2 1/2-1/2

[Event "e2e4 Dublin Easter Masters"]
[Site "Dublin IRL"]
[Date "2012.09.04"]
[Round "9"]
[White "Salomon, Johan"]
[Black "Bjerke, Silje"]
[Result "1/2-1/2"]
[BlackTitle "WIM"]
[WhiteElo "1996"]
[BlackElo "2238"]
[WhiteFideId "1509500"]
[BlackFideId "1502786"]
[EventDate "2012.04.05"]

1. Nf3 Nc6 2. d4 d5 3. e3 Bg4 4. Be2 e6 5. O-O Nf6 6. b3 Bd6 7. Bb2 O-O 8. Nbd2
Ne7 9. c4 c6 10. Ne5 Bxe2 11. Qxe2 Ne4 12. Rfd1 f6 13. Nd3 Qb8 14. Nf1 f5 15. f3
Nf6 16. c5 Bc7 17. f4 Ne4 18. Nf2 Kh8 19. Nxe4 fxe4 20. Bc3 Qe8 21. Kh1 Qg6 22.
g4 Qh6 23. g5 Qg6 24. Ng3 h6 25. h4 hxg5 26. hxg5 Kg8 27. Kg2 Kf7 28. Rh1 Rh8
29. b4 a6 1/2-1/2

[Event "e2e4 Dublin Easter Masters"]
[Site "Dublin IRL"]
[Date "2012.09.04"]
[Round "9"]
[White "Mihajlov, Sebastian"]
[Black "Walton, Alan J"]
[Result "0-1"]
[BlackTitle "CM"]
[WhiteElo "2053"]
[BlackElo "2159"]
[WhiteFideId "1512110"]
[BlackFideId "409898"]
[EventDate "2012.04.05"]

1. d4 d5 2. c4 c6 3. Nf3 Nf6 4. Nc3 e6 5. e3 Bd6 6. Bd3 Nbd7 7. O-O O-O 8. Qe2
c5 9. Rd1 b6 10. cxd5 exd5 11. dxc5 bxc5 12. b3 Nb6 13. h3 Re8 14. Qd2 Bb7 15.
Be2 Qe7 16. Bb2 Rad8 17. Qc2 Nfd7 18. Rac1 a6 19. g3 Bxg3 20. Bxa6 Bxa6 21. fxg3
Qxe3+ 22. Qf2 Qxf2+ 23. Kxf2 d4 24. Nxd4 cxd4 25. Rxd4 Nc5 26. Rxd8 Rxd8 27. Rc2
Nd3+ 28. Kg1 Re8 0-1

[Event "e2e4 Dublin Easter Masters"]
[Site "Dublin IRL"]
[Date "2012.09.04"]
[Round "9"]
[White "Djuric, Olgica"]
[Black "Capitelli, Paolo"]
[Result "0-1"]
[WhiteElo "1851"]
[BlackElo "2122"]
[WhiteFideId "943860"]
[BlackFideId "809330"]
[EventDate "2012.04.05"]

1. d4 Nf6 2. Nf3 g6 3. c4 Bg7 4. Nc3 d6 5. e4 O-O 6. Bg5 h6 7. Bxf6 Bxf6 8. Qd2
Bg7 9. O-O-O Bg4 10. h3 Bxf3 11. gxf3 Nc6 12. Qe3 e5 13. dxe5 Nxe5 14. h4 h5 15.
Be2 Kh7 16. f4 Nd7 17. Qg3 Qe8 18. Nd5 Rc8 19. Rhe1 c6 20. Ne3 Nc5 21. f3 Qe7
22. Rd2 a5 23. Rg1 Bh6 24. Bd3 Qf6 25. Ng2 a4 26. Kb1 Rce8 27. Rgd1 a3 28. bxa3
Na4 29. Rc1 Bg7 30. e5 dxe5 31. fxe5 Rxe5 32. Kc2 Ra5 33. Kd1 Re8 34. Be2 Nc3+
35. Ke1 Nxe2 36. Rxe2 Rxe2+ 37. Kxe2 Qb2+ 38. Kd1 Rxa3 39. Ne1 Rxa2 40. Rc2 Ra1+
41. Kd2 Bh6+ 42. f4 Qd4+ 43. Nd3 Ra3 44. Ke2 Qe4+ 45. Kd2 Bxf4+ 46. Qxf4 Rxd3+ 0-1

[Event "e2e4 Dublin Easter Masters"]
[Site "Dublin IRL"]
[Date "2012.09.04"]
[Round "9"]
[White "Fox, Anthony"]
[Black "Keogh, Eamon"]
[Result "1-0"]
[WhiteElo "2115"]
[BlackElo "2002"]
[WhiteFideId "2500736"]
[BlackFideId "2500264"]
[EventDate "2012.04.05"]

1. e4 e5 2. Nf3 Nc6 3. Bb5 a6 4. Ba4 d6 5. c3 f5 6. exf5 Bxf5 7. O-O Nf6 8. d4
e4 9. Nh4 Bg4 10. f3 exf3 11. Nxf3 b5 12. Bb3 Be7 13. h3 Bxf3 14. Qxf3 Na5 15.
Be6 d5 16. Bg5 c6 17. Nd2 Ra7 18. Rae1 Qb8 19. Bxf6 gxf6 20. Qh5+ Kd8 21. Rf3
Nc4 22. Nb3 b4 23. Bxd5 cxd5 24. Qxd5+ Nd6 25. Na5 Ke8 26. Nc6 1-0